| 000 | 00660cam a2200229 a 4500 | ||
|---|---|---|---|
| 001 | 1238 | ||
| 003 | BD-RjUL | ||
| 005 | 20211208233310.0 | ||
| 008 | 131125s1947 enk b 000 0 eng u | ||
| 035 | _a(BD-RjUL)1260 | ||
| 040 |
_cNAM _dOCL _dEQO _dBD-RjUL _beng _aBD-RjUL |
||
| 041 | _aeng | ||
| 082 |
_a110 _216 _bTOA 1947 |
||
| 100 | 1 |
_aTomlin, E. W. F. _q(Eric Walter Frederick), _d1913-1988 _93651 |
|
| 245 | 1 | 4 |
_aThe Approach to Metaphysics / _cby E.W.F. Tomlin. |
| 260 |
_aLondon : _bKegan Paul, _c1947. |
||
| 300 |
_axi, 276 p. ; _c19 cm. |
||
| 504 | _aBibliographical footnotes. | ||
| 650 | 0 |
_aMetaphysics. _92787 |
|
| 942 |
_2ddc _cBK |
||
| 999 |
_c1238 _d1238 |
||